00574nam a22001217a 4500020001300000110006400013245001700077264003600094300002000130952014000150952014500290999001700435 a231173031 aTribunal Constitucional de la República Dominicana9877740 aAnuario 2023 aSanto Domingo :bBúho,c2024. a862 páginas : 00102ddc405170aBNPHUbBNPHUd2025-02-05eDepósito Legall0p2025-2308r2025-04-01w2025-04-01yLBS1zEn proceso de descripción 00102ddc405170aBNPHUbBNPHUd2025-02-05eDepósito Legall0p2025-2309r2025-04-01te.2w2025-04-01yLBS1zEn proceso de descripción c58538d58538